000 01056nam0a22003131 4500
001 v19\rc\1864708
005 20251118180210.7
035 _a(NLR Aleph) 004957323
090 _a5946411
_c5946411
100 _a20080221d1909 |||y0rusy50 ca
101 0 _arus
102 _aRU
105 _ay z |||||
200 1 _aСамоубийство детей
_fВ.К. Хорошко
_gПредисл. прив.-доц. Моск. ун-та Г.И. Россолимо
210 _aМосква
_cтип. т-ва И.Д. Сытина
_d1909
215 _a115 с.
_d24
700 1 _aХорошко
_bВ. К.
_f1881-1949
_gВасилий Константинович
702 1 _aРоссолимо
_bГ. И.
_f1860-1928
_gГригорий Иванович
_4080
801 0 _aRU
_bNLR
_gpsbo
801 0 _aRU
_bRuMoRGB
_2psbo
801 1 _aRU
_bProSoft-M
_2rusmarc
852 _aNLR
_j38.77.4.93
899 _aRuMoRGB
_jU 32/286
899 _aRuMoRGB
_jA 87/135
899 _aRuMoRGB
_jV 483/655
899 _aГПИБ
899 _aНБ МГУ
942 _cBOOK
980 _aNB